000
00316nam a2200133Ia 4500
005
20260328104318.0
008
260328s9999||||xx |||||||||||||| ||und||
100
_a
Johnson, R, Bradford
245
0
_a
Acrylics /
_c
R, Bradford Johnson
260
_b
Walter Foster
300
_a
64 p.
650
_a
DIBUJO
942
_c
BK
999
_c
11255
_d
11255